I Spy Challenge Quiz Stats

Quiz Updated Apr 16, 2014

Also try: I Spy...You Click
Challenge
Share
Tweet
I spy
Score 0/19 Timer 04:00
2 Plays Today
% Correct
Dinosaur
97.4%
Buzz Lightyear
97.1%
Cat
96.6%
Butterfly
96.2%
The Letter 'C'
96%
Polar Bear
96%
Alarm Clock
94.8%
Raccoon
94%
Blue Whistle
94%
Tractor
93.8%
% Correct
Red Bubble Wand
93.6%
Scissors
92.3%
Puppy
91.7%
Skeleton
89.3%
Button
85.5%
Sunglasses
72.3%
Seal
45.9%
Banana
37.6%
Fork
34.3%

You're not logged in!

Compare scores with friends on all Sporcle quizzes.
Join for Free
OR
Log In

You Might Also Like...

Show Comments

Extras

Top Quizzes Today


Score Distribution

Your Account Isn't Verified!

In order to create a playlist on Sporcle, you need to verify the email address you used during registration. Go to your Sporcle Settings to finish the process.

Report this User

Report this user for behavior that violates our Community Guidelines.

Details: